Normal view
MARC view
- Tomlinson, Geoffrey R.
Entry Personal Name
001 - CONTROL NUMBER
- control field: 24728
003 - CONTROL NUMBER IDENTIFIER
- control field: NUST
005 - DATE AND TIME OF LATEST TRANSACTION
- control field: 20191024153439.0
008 - FIXED-LENGTH DATA ELEMENTS
- fixed length control field: 191024|| aca||aabn | a|a d
040 ## - CATALOGING SOURCE
- Original cataloging agency: NUST
- Transcribing agency: NUST
100 ## - HEADING--PERSONAL NAME
- Personal name: Tomlinson, Geoffrey R.
670 ## - SOURCE DATA FOUND
- Source citation: Work cat.: (NUST)0: Worden, K. 24727, Nonlinearity in structural dynamics :, c2001.
